[Event "MetroWest CC Spring op"]
[Site "Natick"]
[Date "1999.05.04"]
[Round "5"]
[White "Curdo, John"]
[Black "Xing, Wenning"]
[Result "1-0"]
[WhiteElo "2388"]
[BlackElo "2138"]
[PlyCount "80"]
[EventDate "1999.??.??"]
[EventType "swiss"]
[EventRounds "6"]
[EventCountry "USA"]
[SourceTitle "EXT 2005"]
[Source "ChessBase"]
[SourceDate "2004.11.15"]
[SourceVersion "1"]
[SourceVersionDate "2004.11.15"]
[SourceQuality "1"]

1. e4 d5 2. exd5 Qxd5 3. Nc3 Qa5 4. Bc4 Nf6 5. d3 c6 6. Nge2 e5 7. 0-0 Be7 8. Bd2 Qc7 9. a3 0-0 10. Ng3 Re8 11. f4 Nbd7 12. Nce4 h6 13. Nf5 Nxe4 14. Qg4 Ng5 15. fxg5 Bc5+ 16. d4 Bxd4+ 17. Nxd4 Nb6 18. Nf5 h5 19. Qh4 Nxc4 20. Qxc4 Be6 21. Qe4 Qb6+ 22. Be3 Qxb2 23. Rab1 Qc3 24. Nd6 Re7 25. Nxb7 g6 26. Qd3 Qxd3 27. cxd3 Bf5 28. Nc5 Rd8 29. Ne4 Bxe4 30. dxe4 Rd3 31. Rb8+ Kg7 32. Bc5 Red7 33. Re8 Rd8 34. Re7 Rd1 35. Rexf7+ Kg8 36. Rxa7 Rxf1+ 37. Kxf1 Rd1+ 38. Ke2 Rc1 39. Be3 Rc2+ 40. Bd2 c5 1-0